| 000 -LEADER |
| fixed length control field |
00417pab a2200145 454500 |
| 008 - FIXED-LENGTH DATA ELEMENTS--GENERAL INFORMATION |
| fixed length control field |
180718b2003 xxu||||| |||| 00| 0 eng d |
| 100 ## - MAIN ENTRY--PERSONAL NAME |
| Personal name |
Nishio Kanji |
| 245 ## - TITLE STATEMENT |
| Title |
Recent Malaysian Studies in Japan: perspectives on history and contemporary society |
| 260 ## - PUBLICATION, DISTRIBUTION, ETC. |
| Date of publication, distribution, etc. |
2003 |
| 300 ## - PHYSICAL DESCRIPTION |
| Extent |
p.1-19. |
| 650 ## - SUBJECT ADDED ENTRY--TOPICAL TERM |
| Topical term or geographic name entry element |
Malaysian studies - Japan |
| 650 ## - SUBJECT ADDED ENTRY--TOPICAL TERM |
| Topical term or geographic name entry element |
Malaysian studies |
| 773 ## - HOST ITEM ENTRY |
| Main entry heading |
Asian Research Trends |
| 909 ## - |
| -- |
55970 |